<?xml version="1.0" encoding="UTF-8"?>
<record
    xmlns:xsi="http://www.w3.org/2001/XMLSchema-instance"
    xsi:schemaLocation="http://www.loc.gov/MARC21/slim http://www.loc.gov/standards/marcxml/schema/MARC21slim.xsd"
    xmlns="http://www.loc.gov/MARC21/slim">

  <leader>01685nam2a22003731  4500</leader>
  <controlfield tag="001">v19\rc\1405176</controlfield>
  <controlfield tag="005">20250618102222.0</controlfield>
  <datafield tag="035" ind1=" " ind2=" ">
    <subfield code="a">(NLR Aleph) 004534836</subfield>
  </datafield>
  <datafield tag="090" ind1=" " ind2=" ">
    <subfield code="a">1921854</subfield>
    <subfield code="c">1921854</subfield>
  </datafield>
  <datafield tag="100" ind1=" " ind2=" ">
    <subfield code="a">20060512d1873    |||y0rusy50      ca</subfield>
  </datafield>
  <datafield tag="101" ind1="0" ind2=" ">
    <subfield code="a">rus</subfield>
  </datafield>
  <datafield tag="102" ind1=" " ind2=" ">
    <subfield code="a">RU</subfield>
  </datafield>
  <datafield tag="105" ind1=" " ind2=" ">
    <subfield code="a">a   z   |||||</subfield>
  </datafield>
  <datafield tag="200" ind1="1" ind2=" ">
    <subfield code="a">&#x418;&#x441;&#x442;&#x43E;&#x440;&#x438;&#x44F; &#x43E;&#x434;&#x435;&#x436;&#x434;&#x44B;, &#x432;&#x43E;&#x43E;&#x440;&#x443;&#x436;&#x435;&#x43D;&#x438;&#x44F;, &#x43F;&#x43E;&#x441;&#x442;&#x440;&#x43E;&#x435;&#x43A; &#x438; &#x443;&#x442;&#x432;&#x430;&#x440;&#x438; &#x43D;&#x430;&#x440;&#x43E;&#x434;&#x43E;&#x432; &#x434;&#x440;&#x435;&#x432;&#x43D;&#x435;&#x433;&#x43E; &#x43C;&#x438;&#x440;&#x430;</subfield>
    <subfield code="h">&#x427;. 1</subfield>
    <subfield code="i">&#x412;&#x43E;&#x441;&#x442;&#x43E;&#x447;&#x43D;&#x44B;&#x435; &#x43D;&#x430;&#x440;&#x43E;&#x434;&#x44B; / &#x421; &#x43D;&#x435;&#x43C;. &#x412;. &#x427;&#x430;&#x435;&#x432;&#x430;</subfield>
  </datafield>
  <datafield tag="210" ind1=" " ind2=" ">
    <subfield code="d">1873</subfield>
    <subfield code="a">&#x411;. &#x43C;.</subfield>
  </datafield>
  <datafield tag="215" ind1=" " ind2=" ">
    <subfield code="a">XVIII, 388 &#x441;.</subfield>
    <subfield code="c">&#x438;&#x43B;.</subfield>
  </datafield>
  <datafield tag="461" ind1=" " ind2="0">
    <subfield code="1">001v19\rc\1405175</subfield>
    <subfield code="1">2001#$a&#x412;&#x43D;&#x435;&#x448;&#x43D;&#x438;&#x439; &#x431;&#x44B;&#x442; &#x43D;&#x430;&#x440;&#x43E;&#x434;&#x43E;&#x432; &#x441; &#x434;&#x440;&#x435;&#x432;&#x43D;&#x435;&#x439;&#x448;&#x438;&#x445; &#x434;&#x43E; &#x43D;&#x430;&#x448;&#x438;&#x445; &#x432;&#x440;&#x435;&#x43C;&#x435;&#x43D;$f&#x421;&#x43E;&#x447;. &#x413;&#x435;&#x440;&#x43C;&#x430;&#x43D;&#x430; &#x412;&#x435;&#x439;&#x441;&#x430;, &#x43F;&#x440;&#x43E;&#x444;. &#x438; &#x43F;&#x440;&#x435;&#x43F;. &#x43F;&#x440;&#x438; &#x411;&#x435;&#x440;&#x43B;. &#x430;&#x43A;&#x430;&#x434;. &#x445;&#x443;&#x434;&#x43E;&#x436;&#x435;&#x441;&#x442;&#x432;. &#x422;. 1-3$v&#x422;. 1</subfield>
    <subfield code="1">700#1$a&#x412;&#x435;&#x439;&#x441;$b&#x413;.$f1822-1897$g&#x413;&#x435;&#x440;&#x43C;&#x430;&#x43D;</subfield>
    <subfield code="9">1921844</subfield>
    <subfield code="a">&#x412;&#x435;&#x439;&#x441;, &#x413;. (1822-1897)</subfield>
    <subfield code="c">&#x41C;&#x43E;&#x441;&#x43A;&#x432;&#x430;</subfield>
    <subfield code="d">1873-1879</subfield>
    <subfield code="f">&#x421;&#x43E;&#x447;. &#x413;&#x435;&#x440;&#x43C;&#x430;&#x43D;&#x430; &#x412;&#x435;&#x439;&#x441;&#x430;, &#x43F;&#x440;&#x43E;&#x444;. &#x438; &#x43F;&#x440;&#x435;&#x43F;. &#x43F;&#x440;&#x438; &#x411;&#x435;&#x440;&#x43B;. &#x430;&#x43A;&#x430;&#x434;. &#x445;&#x443;&#x434;&#x43E;&#x436;&#x435;&#x441;&#x442;&#x432;. &#x422;. 1-3</subfield>
    <subfield code="n">&#x41A;.&#x422;. &#x421;&#x43E;&#x43B;&#x434;&#x430;&#x442;&#x435;&#x43D;&#x43A;&#x43E;&#x432;</subfield>
    <subfield code="p">6 &#x442;.</subfield>
    <subfield code="t">&#x412;&#x43D;&#x435;&#x448;&#x43D;&#x438;&#x439; &#x431;&#x44B;&#x442; &#x43D;&#x430;&#x440;&#x43E;&#x434;&#x43E;&#x432; &#x441; &#x434;&#x440;&#x435;&#x432;&#x43D;&#x435;&#x439;&#x448;&#x438;&#x445; &#x434;&#x43E; &#x43D;&#x430;&#x448;&#x438;&#x445; &#x432;&#x440;&#x435;&#x43C;&#x435;&#x43D;</subfield>
    <subfield code="v">&#x422;. 1</subfield>
  </datafield>
  <datafield tag="702" ind1=" " ind2="1">
    <subfield code="a">&#x427;&#x430;&#x435;&#x432;</subfield>
    <subfield code="b">&#x412;.</subfield>
    <subfield code="4">730</subfield>
  </datafield>
  <datafield tag="801" ind1=" " ind2="0">
    <subfield code="a">RU</subfield>
    <subfield code="b">NLR</subfield>
    <subfield code="g">psbo</subfield>
  </datafield>
  <datafield tag="801" ind1=" " ind2="0">
    <subfield code="a">RU</subfield>
    <subfield code="b">RuMoRGB</subfield>
    <subfield code="2">psbo</subfield>
  </datafield>
  <datafield tag="801" ind1=" " ind2="1">
    <subfield code="a">RU</subfield>
    <subfield code="b">ProSoft-M</subfield>
    <subfield code="2">rusmarc</subfield>
  </datafield>
  <datafield tag="852" ind1=" " ind2=" ">
    <subfield code="a">NLR</subfield>
    <subfield code="b">&#x41C;&#x444;</subfield>
    <subfield code="j">&#x41A;1/10725</subfield>
  </datafield>
  <datafield tag="852" ind1=" " ind2=" ">
    <subfield code="a">NLR</subfield>
    <subfield code="j">18.39.8.23</subfield>
  </datafield>
  <datafield tag="852" ind1=" " ind2=" ">
    <subfield code="a">NLR</subfield>
    <subfield code="j">131/464</subfield>
  </datafield>
  <datafield tag="899" ind1=" " ind2=" ">
    <subfield code="a">RuMoRGB</subfield>
    <subfield code="j">M 44/72</subfield>
  </datafield>
  <datafield tag="899" ind1=" " ind2=" ">
    <subfield code="a">RuMoRGB</subfield>
    <subfield code="j">R 238/43</subfield>
  </datafield>
  <datafield tag="899" ind1=" " ind2=" ">
    <subfield code="a">RuMoRGB</subfield>
    <subfield code="j">U 227/61</subfield>
  </datafield>
  <datafield tag="899" ind1=" " ind2=" ">
    <subfield code="a">RuMoRGB</subfield>
    <subfield code="j">V 312/20</subfield>
  </datafield>
  <datafield tag="899" ind1=" " ind2=" ">
    <subfield code="a">&#x411;&#x410;&#x41D;</subfield>
  </datafield>
  <datafield tag="899" ind1=" " ind2=" ">
    <subfield code="a">&#x41D;&#x411; &#x421;&#x41F;&#x431;&#x413;&#x423;</subfield>
  </datafield>
  <datafield tag="899" ind1=" " ind2=" ">
    <subfield code="a">&#x413;&#x41F;&#x418;&#x411;</subfield>
  </datafield>
  <datafield tag="899" ind1=" " ind2=" ">
    <subfield code="a">&#x41D;&#x411; &#x41C;&#x413;&#x423;</subfield>
  </datafield>
  <datafield tag="942" ind1=" " ind2=" ">
    <subfield code="c">BOOK</subfield>
  </datafield>
  <datafield tag="980" ind1=" " ind2=" ">
    <subfield code="a">NB</subfield>
  </datafield>
  <datafield tag="995" ind1=" " ind2=" ">
    <subfield code="5">2013-10-26</subfield>
    <subfield code="b">NLR01</subfield>
    <subfield code="c">NLR01</subfield>
    <subfield code="e">FM</subfield>
    <subfield code="f">4534836-10</subfield>
    <subfield code="k">&#x41C;&#x444; &#x41A;1/10725</subfield>
    <subfield code="o">0</subfield>
    <subfield code="r">BOOK</subfield>
    <subfield code="s">_110725</subfield>
  </datafield>
  <datafield tag="995" ind1=" " ind2=" ">
    <subfield code="5">2013-10-26</subfield>
    <subfield code="b">NLR02</subfield>
    <subfield code="c">NLR02</subfield>
    <subfield code="e">RFS</subfield>
    <subfield code="f">4534836-20</subfield>
    <subfield code="k">18.39.8.23</subfield>
    <subfield code="o">0</subfield>
    <subfield code="r">BOOK</subfield>
    <subfield code="s">1839823_</subfield>
  </datafield>
  <datafield tag="995" ind1=" " ind2=" ">
    <subfield code="5">2013-10-26</subfield>
    <subfield code="b">NLR02</subfield>
    <subfield code="c">NLR02</subfield>
    <subfield code="e">RFS</subfield>
    <subfield code="f">4534836-30</subfield>
    <subfield code="k">131/464</subfield>
    <subfield code="o">0</subfield>
    <subfield code="r">BOOK</subfield>
    <subfield code="s">131464_</subfield>
  </datafield>
  <datafield tag="995" ind1=" " ind2=" ">
    <subfield code="5">2013-10-26</subfield>
    <subfield code="b">NLR01</subfield>
    <subfield code="c">NLR01</subfield>
    <subfield code="e">TEMP</subfield>
    <subfield code="f">4534836-80</subfield>
    <subfield code="o">0</subfield>
    <subfield code="r">BOOK</subfield>
  </datafield>
  <datafield tag="995" ind1=" " ind2=" ">
    <subfield code="5">2013-10-26</subfield>
    <subfield code="b">NLR01</subfield>
    <subfield code="c">NLR01</subfield>
    <subfield code="e">TEMP</subfield>
    <subfield code="f">4534836-90</subfield>
    <subfield code="o">0</subfield>
    <subfield code="r">BOOK</subfield>
  </datafield>
  <datafield tag="995" ind1=" " ind2=" ">
    <subfield code="5">2013-10-26</subfield>
    <subfield code="b">NLR01</subfield>
    <subfield code="c">NLR01</subfield>
    <subfield code="e">TEMP</subfield>
    <subfield code="f">4534836-100</subfield>
    <subfield code="o">0</subfield>
    <subfield code="r">BOOK</subfield>
  </datafield>
  <datafield tag="995" ind1=" " ind2=" ">
    <subfield code="5">2013-10-26</subfield>
    <subfield code="b">NLR01</subfield>
    <subfield code="c">NLR01</subfield>
    <subfield code="e">TEMP</subfield>
    <subfield code="f">4534836-110</subfield>
    <subfield code="o">0</subfield>
    <subfield code="r">BOOK</subfield>
  </datafield>
</record>
